000
00403nam a22001217a 4500
040
_c
RUA
082
_a
A255 ឌុំ 2018C160 Or.1
100
_a
ឌុំ ដាវុយ
245
_a
តើត្រកូលគីម ជាមហាបុរសឬជាមេផ្ដាច់ការ?
260
_a
PHNOM PENH
_b
RUA
_c
2018
300
_a
218p.
_b
ill.
_c
22cm.
942
_c
អភិវឌ្ឍន៍
999
_c
25666
_d
25666